| 000 | 00656nam a22002057a 4500 | ||
|---|---|---|---|
| 999 |
_c20211 _d20211 |
||
| 003 | AR-CdUCM | ||
| 008 | 190527b ||||| |||| 00| 0 spa d | ||
| 020 | _a84-303-0859-8 | ||
| 040 |
_aMUNICIPALIDAD PROVINCIAL DEL CUSCO _cBIBLIOTECA MUNICIPAL DEL CUSCO |
||
| 082 |
_a912 / _bG72 |
||
| 245 |
_aGran atlas _bColombus de nuestro mundo |
||
| 260 |
_aBarcelona : _bRamon Sopena, _c1982. |
||
| 300 |
_a128 páginas ; _bMapas a color _c36 cm. |
||
| 505 | _aContenido : Europa -- Asia --África... | ||
| 650 |
_aPlanisferio _942245 |
||
| 650 |
_aPenínsula Ibérica _942246 |
||
| 650 |
_aContinentes _9105 |
||
| 942 |
_2ddc _cLIBROS |
||
| 945 |
_aAndy _d2019-05-27 |
||